[Event "Zuerich op 33rd"]
[Site "Zuerich"]
[Date "2009.12.27"]
[Round "3"]
[White "Bogdanov, Oleksi"]
[Black "Cremer, Kevin"]
[Result "1-0"]
[WhiteElo "2280"]
[BlackElo "2091"]
[PlyCount "43"]
[EventDate "2009.12.26"]
[EventType "swiss"]
[EventRounds "7"]
[EventCountry "SUI"]
[SourceTitle "CBM 134 Extra"]
[Source "ChessBase"]
[SourceDate "2010.03.03"]
[SourceVersion "1"]
[SourceVersionDate "2010.03.03"]
[SourceQuality "1"]

1. d4 Nf6 2. c4 e5 3. dxe5 Ng4 4. e3 Nxe5 5. Nc3 Bc5 6. Nh3 d6 7. Nf4 0-0 8. Be2 Nbd7 9. 0-0 a5 10. b3 Nf6 11. Bb2 Bf5 12. Kh1 Nfg4 13. Bxg4 Nxg4 14. Qf3 c6 15. Qg3 Re8 16. e4 Bd7 17. f3 Nf6 18. Rad1 Bb6 19. Rxd6 Bc7 20. Ncd5 Ng4 21. Nxc7 Qxc7 22. Rfd1 1-0

[Event "Geller Memorial op-A 5th"]
[Site "Odessa"]
[Date "2009.08.25"]
[Round "6"]
[White "Bogdanov, Oleksi"]
[Black "Mazurchak, Bogdan"]
[Result "1-0"]
[WhiteElo "2287"]
[BlackElo "2187"]
[PlyCount "67"]
[EventDate "2009.08.20"]
[EventType "swiss"]
[EventRounds "9"]
[EventCountry "UKR"]
[SourceTitle "CBM 132 Extra"]
[Source "ChessBase"]
[SourceDate "2009.11.03"]
[SourceVersion "1"]
[SourceVersionDate "2009.11.03"]
[SourceQuality "1"]

1. d4 Nf6 2. Nf3 e6 3. c4 b6 4. Nc3 Bb4 5. Bg5 Bb7 6. Nd2 Bxc3 7. bxc3 d6 8. e3 Nbd7 9. f3 e5 10. Be2 c5 11. 0-0 h6 12. Bh4 Qe7 13. d5 g5 14. Bg3 0-0-0 15. Kh1 Nh5 16. Be1 f5 17. g4 Ng7 18. gxf5 Nxf5 19. Bf2 Rdf8 20. Bd3 h5 21. Qc2 Nh6 22. Bg6 h4 23. h3 Kc7 24. Bh5 Nf6 25. Bg4 Nhxg4 26. fxg4 Bc8 27. Bg1 Nxg4 28. hxg4 Bxg4 29. Qe4 Bh3 30. Rxf8 Rxf8 31. Kh2 Qd7 32. Qg6 g4 33. Qe6 g3+ 34. Kxh3 1-0

[Event "Geller Memorial op-A 5th"]
[Site "Odessa"]
[Date "2009.08.22"]
[Round "3"]
[White "Varchenko, Grigory"]
[Black "Bogdanov, Oleksi"]
[Result "1/2-1/2"]
[WhiteElo "2149"]
[BlackElo "2287"]
[PlyCount "58"]
[EventDate "2009.08.20"]
[EventType "swiss"]
[EventRounds "9"]
[EventCountry "UKR"]
[SourceTitle "CBM 132 Extra"]
[Source "ChessBase"]
[SourceDate "2009.11.03"]
[SourceVersion "1"]
[SourceVersionDate "2009.11.03"]
[SourceQuality "1"]

1. e4 c5 2. Nf3 d6 3. Bb5+ Bd7 4. Bxd7+ Qxd7 5. c4 Nc6 6. 0-0 g6 7. d4 cxd4 8. Nxd4 Bg7 9. Be3 Nf6 10. f3 0-0 11. Nc3 Rac8 12. b3 Rfe8 13. Rc1 Qd8 14. Qd2 Qa5 15. h3 Nd7 16. Qf2 a6 17. Rfd1 Nxd4 18. Bxd4 Bxd4 19. Qxd4 Qc5 20. Qxc5 Rxc5 21. Nd5 Kf8 22. Kf2 Rec8 23. Nb4 f6 24. Ke3 Kf7 25. Rc2 Ra8 26. Nd3 Rc7 27. Rdc1 Rac8 28. Nb4 Ra8 29. Nd3 Rac8 1/2-1/2

[Event "Oberwart op 25th"]
[Site "Oberwart"]
[Date "2003.07.10"]
[Round "6"]
[White "Bogdanov, Oleksi"]
[Black "Tischbierek, Raj"]
[Result "0-1"]
[WhiteElo "2317"]
[BlackElo "2522"]
[PlyCount "44"]
[EventDate "2003.07.05"]
[EventType "swiss"]
[EventRounds "9"]
[EventCountry "AUT"]
[SourceTitle "CBM 095 Extra"]
[Source "ChessBase"]
[SourceDate "2003.09.04"]
[SourceVersion "1"]
[SourceVersionDate "2003.09.04"]
[SourceQuality "1"]

1. d4 d5 2. c4 c6 3. Nf3 Nf6 4. Nc3 dxc4 5. a4 Bg4 6. Ne5 Bh5 7. f3 Nfd7 8. Nxc4 e5 9. Be3 Bb4 10. Bf2 exd4 11. Qxd4 0-0 12. e3 b5 13. axb5 cxb5 14. Qd5 bxc4 15. Qxh5 Nc5 16. Bxc4 Nd3+ 17. Kf1 Nxb2 18. Nd5 Nxc4 19. Nxb4 a5 20. Qb5 axb4 21. Rxa8 Qd3+ 22. Ke1 Rd8 0-1

[Event "Donau op 11th"]
[Site "Aschach"]
[Date "2002.12.31"]
[Round "7"]
[White "Hiermann, Dietmar"]
[Black "Bogdanov, Oleksi"]
[Result "1/2-1/2"]
[WhiteElo "2240"]
[BlackElo "2297"]
[PlyCount "59"]
[EventDate "2002.12.26"]
[EventType "swiss"]
[EventRounds "7"]
[EventCountry "AUT"]
[SourceTitle "CBM 091 Extra"]
[Source "ChessBase"]
[SourceDate "2003.01.09"]
[SourceVersion "1"]
[SourceVersionDate "2003.01.09"]
[SourceQuality "1"]

1. e4 c5 2. Nc3 Nc6 3. f4 g6 4. Nf3 Bg7 5. Bb5 Nd4 6. Nxd4 cxd4 7. Ne2 e6 8. 0-0 Ne7 9. Qe1 0-0 10. Bd3 Nc6 11. a3 f6 12. b3 d5 13. exd5 Qxd5 14. Bb2 Kh8 15. Qh4 f5 16. Rf3 Qd8 17. Qf2 e5 18. Bb5 Qc7 19. Rh3 Na5 20. c4 a6 21. Ba4 b5 22. cxb5 Qc2 23. Qh4 h6 24. Rc1 Qxb2 25. Rc7 Be6 26. Rxg7 Kxg7 27. Qxh6+ Kf7 28. Qh7+ Kf6 29. Qh4+ Kf7 30. Qh7+ 1/2-1/2

[Event "Donau op 11th"]
[Site "Aschach"]
[Date "2002.12.30"]
[Round "6"]
[White "Bogdanov, Oleksi"]
[Black "Lau, Ralf"]
[Result "1/2-1/2"]
[WhiteElo "2297"]
[BlackElo "2491"]
[PlyCount "50"]
[EventDate "2002.12.26"]
[EventType "swiss"]
[EventRounds "7"]
[EventCountry "AUT"]
[SourceTitle "CBM 091 Extra"]
[Source "ChessBase"]
[SourceDate "2003.01.09"]
[SourceVersion "1"]
[SourceVersionDate "2003.01.09"]
[SourceQuality "1"]

1. d4 e6 2. c4 b6 3. e4 Bb7 4. Nc3 Bb4 5. f3 Ne7 6. Bd3 0-0 7. Nge2 d5 8. cxd5 exd5 9. e5 c5 10. a3 cxd4 11. axb4 dxc3 12. bxc3 Ng6 13. Bxg6 hxg6 14. 0-0 Qd7 15. f4 Rc8 16. Nd4 Nc6 17. Be3 Ne7 18. Ra3 a5 19. Qd2 axb4 20. Rxa8 Rxa8 21. cxb4 Rc8 22. b5 Rc4 23. Rc1 Qc7 24. h3 Nf5 25. Nxf5 Rxc1+ 1/2-1/2

[Event "Donau op 11th"]
[Site "Aschach"]
[Date "2002.12.28"]
[Round "4"]
[White "Bogdanov, Oleksi"]
[Black "Stanec, Nikolaus"]
[Result "0-1"]
[WhiteElo "2297"]
[BlackElo "2523"]
[PlyCount "86"]
[EventDate "2002.12.26"]
[EventType "swiss"]
[EventRounds "7"]
[EventCountry "AUT"]
[SourceTitle "CBM 091 Extra"]
[Source "ChessBase"]
[SourceDate "2003.01.09"]
[SourceVersion "1"]
[SourceVersionDate "2003.01.09"]
[SourceQuality "1"]

1. d4 Nf6 2. Nf3 g6 3. c4 Bg7 4. Nc3 0-0 5. e4 d6 6. Be2 e5 7. 0-0 exd4 8. Nxd4 Re8 9. f3 c6 10. Nc2 Na6 11. Kh1 Nc7 12. Bg5 d5 13. cxd5 cxd5 14. Nb4 h6 15. Bh4 g5 16. Bg3 d4 17. Nb5 Nxb5 18. Bxb5 Re7 19. Bc4 a5 20. Nd5 Nxd5 21. Bxd5 Be6 22. Bxe6 Rxe6 23. Qd3 Qb6 24. Rab1 Rc8 25. f4 gxf4 26. Rxf4 Qa6 27. Qf3 Rf6 28. e5 Rxf4 29. Qxf4 d3 30. Qf5 Qc4 31. Rd1 Rd8 32. h3 d2 33. Bf4 h5 34. Rxd2 Qc1+ 35. Kh2 Rxd2 36. Qg5 Rxg2+ 37. Kxg2 Qxb2+ 38. Kg3 Qe2 39. Qd8+ Kh7 40. Qxa5 Qe4 41. Qc3 Kg6 42. Qc5 h4+ 43. Kg4 f5+ 0-1

[Event "Donau op 11th"]
[Site "Aschach"]
[Date "2002.12.27"]
[Round "2"]
[White "Bogdanov, Oleksi"]
[Black "Kainz, Josef"]
[Result "1/2-1/2"]
[WhiteElo "2297"]
[BlackElo "2094"]
[PlyCount "37"]
[EventDate "2002.12.26"]
[EventType "swiss"]
[EventRounds "7"]
[EventCountry "AUT"]
[SourceTitle "CBM 091 Extra"]
[Source "ChessBase"]
[SourceDate "2003.01.09"]
[SourceVersion "1"]
[SourceVersionDate "2003.01.09"]
[SourceQuality "1"]

1. d4 Nf6 2. Nf3 c5 3. d5 e6 4. c4 exd5 5. cxd5 d6 6. Nc3 g6 7. Bf4 a6 8. a4 Bg7 9. e4 Bg4 10. Be2 Bxf3 11. Bxf3 0-0 12. 0-0 Qe7 13. Qb3 Nbd7 14. Qxb7 Rfb8 15. Qc6 Ne8 16. a5 Be5 17. Bd2 Bd4 18. Bf4 Be5 19. Bd2 1/2-1/2